Представление документа в формате RUSMARC

ПолеНазваниеЗначение
  Тип записи a
  Библиографический уровень m
001 Контрольный номер c4f004a07dc2431196c23b6050e0f838
005 Дата корректировки 20260618110422.6
010 Индекс ISBN __
a ISBN 978-5-9908808-7-0
d Цена 912-56
100 Данные общей обработки __
a Данные общей обработки 20220526d2020 c y0rusy028902 ca
101 Язык документа 0_
a Язык текста rus
102 Страна публикации __
a Страна публикации RU
105 Кодированные данные (монография) __
a Кодированные данные (монография) y z 000ay
181 Поле кодированных данных: вид содержания _0
a Код вида содержания (ISBD) i
182 Поле кодированных данных: тип средства _0
a Код типа средства (ISBD) n
200 Заглавие и сведения об ответственности 1_
a Заглавие Вождь краснокожих
f Первые сведения об ответственности О.Генри
203 Вид содержания и тип средства __
a Вид содержания Текст
c Тип средства непосредственный
210 Выходные данные 1_
a Место издания Москва
c Издательство Чинар
d Дата издания 2020
215 Физическое описание __
a Объем 27 с.
d Формат 21 см
225 Серия 2_
a Серия Круг чтения
e Сведения, относящиеся к заглавию серии издание для слабовидящих
330 Аннотация __
a Аннотация Двое мошенников, Сэм и Билл, похищают девятилетнего мальчишку, надеясь получить за него выкуп отца. Но мальчишка, называющий себя Вождем краснокожих, не стремится вернуться домой.
333 Примечание о целевом назначении __
a Примечание о целевом назначении 6+. Для детей старше шести лет
606 Тематические рубрики __
2 Код системы nlr_sh
a Основная рубрика Художественная литература
606 Тематические рубрики __
2 Код системы nlr_sh
a Основная рубрика Литература Америки (произведения)
y Географическая подрубрика США
610 Ключевые слова 0_
a Ключевые слова иностранная литература
610 Ключевые слова 0_
a Ключевые слова зарубежная литература
610 Ключевые слова 0_
a Ключевые слова детская литература
610 Ключевые слова 0_
a Ключевые слова американская литература
610 Ключевые слова 0_
a Ключевые слова классическая литература
610 Ключевые слова 0_
a Ключевые слова детская классическая литература
610 Ключевые слова 0_
a Ключевые слова тема детей
610 Ключевые слова 0_
a Ключевые слова дети
610 Ключевые слова 0_
a Ключевые слова рассказы
610 Ключевые слова 0_
a Ключевые слова детские рассказы
610 Ключевые слова 0_
a Ключевые слова книги для незрячих
610 Ключевые слова 0_
a Ключевые слова чтение для слабовидящих
686 Индексы других классификаций __
2 Код системы rubbks
a Классификационный индекс ст84(7Сое)-4я0
700 Автор _0
a Фамилия О.Генри
f Даты 1862-1910
4 Код отношения 070
c Титул (звания) Портер, Уильям Сидни
790 Имя лица - альтернативная форма _1
a Имя лица - альтернативная форма Портер
c Титул (звания) О.Генри
f Даты 1862-1910
b Имя У. С.
g Полное личное имя Уильям Сидни
4 Код отношения 070
801 Источник записи _0
a Страна RU
b Организация Муниципальное бюджетное учреждение культуры "Централизованная библиотечная система" г. Сургут (Центральная городская библиотека им. А. С. Пушкина)
c Дата составления 20220526
g Правила каталогизации PSBO
801 Источник записи _1
a Страна RU
b Организация Муниципальное бюджетное учреждение культуры "Централизованная библиотечная система" г. Сургут (Центральная городская библиотека им. А. С. Пушкина)
c Дата составления 20220526
g Правила каталогизации PSBO
852 Данные о местонахождении __
i Авторский знак О-36
j Шифр хранения ст84(7Сое)-4я0
900 Макрообъекты __
a Макрообъекты Вождь краснокожих (для слабовидящих). О.Генри, 2020
901 Тип документа __
a Ответственный КиК/Обаева
t Тип документа m
903 Характеристики (МАРС) __
a Дата передачи 20220526
c Наименование библиотеки (МАРС) Муниципальное бюджетное учреждение культуры "Централизованная библиотечная система" г. Сургут (Центральная городская библиотека им. А. С. Пушкина)
969 Тип издания __
a Тип издания спецформат
a Тип издания издание для слепых
a Тип издания брошюра
a Тип издания крупношрифтовое издание
a Тип издания издание для детей
990 Данные о заказе (DOS) __
j Количество экземпляров (DOS) 1
t N записи в КСУ для И/У (DOS) 202206